书目信息 |
| 题名: |
消费者行为学
|
|
| 作者: | 希夫曼 , 卡纽克 著 ;俞文钊 , 肖余春 译 | |
| 分册: | ||
| 出版信息: | 上海 华东师范大学出版社 2002 |
|
| 页数: | 16,734页 | |
| 开本: | 23cm | |
| 丛书名: | 当代心理科学名著译丛 | |
| 单 册: | ||
| 中图分类: | F713.55 , B84 | |
| 科图分类: | ||
| 主题词: | 消费者行为论 , 心理学 | |
| 电子资源: | ||
| ISBN: | 7-5617-2870-0 | |
| 000 | 01082oam2 2200325 450 | |
| 001 | 1533314914 | |
| 005 | 20150126091546.84 | |
| 010 | @a7-5617-2870-0@dCNY63.00 | |
| 100 | @a20020724d2002 em y0chiy0110 ea | |
| 101 | 1 | @achi@ceng |
| 102 | @aCN@b310000 | |
| 105 | @ay z 000yy | |
| 200 | 1 | @a消费者行为学@9xiao fei zhe xing wei xue@f[美]L.G.希夫曼,[美]L.L.卡纽克著@g俞文钊,肖余春等译 |
| 210 | @a上海@c华东师范大学出版社@d2002 | |
| 215 | @a16,734页@d23cm | |
| 225 | 2 | @a当代心理科学名著译丛 |
| 305 | @a据原书第七版译出 | |
| 330 | @a本书主要内容包括:导言:市场多样化;消费者研究;市场细分;消费者动机;人格和消费者行为;消费者学习等。 | |
| 461 | 0 | @12001 @a当代心理科学名著译丛 |
| 510 | 1 | @aConsumer Behavior@zeng |
| 606 | 0 | @a消费者行为论 |
| 606 | 0 | @a心理学 |
| 690 | @aF713.55@v5 | |
| 690 | @aB84@v4 | |
| 701 | 1 | @a希夫曼@9xi fu man@bL.G.@4著 |
| 701 | 1 | @c(美)@a卡纽克@9ka niu ke@c(Kanuk, Leslie L.)@4著 |
| 702 | 0 | @a俞文钊@9yu wen zhao@f(1935~)@4译 |
| 702 | 0 | @a肖余春@9xiao yu chun@4译 |
| 801 | 0 | @aCN@bTSSF@c20150126 |
| 905 | @aZUCC@dB84@eJY365 | |
| 消费者行为学/[美]L.G.希夫曼,[美]L.L.卡纽克著/俞文钊,肖余春等译.-上海:华东师范大学出版社,2002 |
| 16,734页;23cm.-(当代心理科学名著译丛) |
| ISBN 7-5617-2870-0:CNY63.00 |
| 本书主要内容包括:导言:市场多样化;消费者研究;市场细分;消费者动机;人格和消费者行为;消费者学习等。 |
| ● |
| 相关链接 |
|
|
|
|
正题名:消费者行为学
索取号:B84/JY365
 
预约/预借
| 序号 | 登录号 | 条形码 | 馆藏地/架位号 | 状态 | 备注 |
| 1 | 7857918 | 278579183 | 学院路分馆/ [索取号:B84/JY365] | 在馆 |